K některým současným problémům personálního managementu.

Zaistenie výberu a rozmiesťovania pracovníkov. Dva koncepty personálneho riadenia. Kontrola výkonnosti pracovníkov a jej ovplyvňovanie. Personálne plánovanie a jeho uplatnenie v podnikovej sfére. Plánovanie a personálna prax. Personálne plánovanie ako súčasť stratégie firmy.

Salvato in:
Dettagli Bibliografici
Autore principale: Stýblo, Jiří
Natura: Capitolo di libro
Lingua:ceco
Soggetti:
Tags: Aggiungi Tag
Nessun Tag, puoi essere il primo ad aggiungerne!!

MARC

LEADER 00000naa a2200000 4500
001 r005267
005 20221125081310.4
041 0 |a cze 
044 |a [CS] 
245 1 0 |a K některým současným problémům personálního managementu.  |c Jiří Stýblo 
520 |a Zaistenie výberu a rozmiesťovania pracovníkov. Dva koncepty personálneho riadenia. Kontrola výkonnosti pracovníkov a jej ovplyvňovanie. Personálne plánovanie a jeho uplatnenie v podnikovej sfére. Plánovanie a personálna prax. Personálne plánovanie ako súčasť stratégie firmy. 
610 2 0 |a práca personálna 
610 2 0 |a výber pracovníkov 
610 2 0 |a rozmiestenie pracovníkov 
610 2 0 |a stratégia podniková 
100 1 |a Stýblo, Jiří